000
00218nam a2200085Ia 4500
245
0
_a
The sewing book
100
_a
SMITH, Alison London, 2009
_9
102512
942
_c
BK
008
210818s9999 xx 000 0 und d
999
_c
446079
_d
446078